La política desde la ética / (Record no. 13821)

MARC details
000 -LEADER
campo de control de longitud fija 00890nam a2200265 i 4500
001 - NÚMERO DE CONTROL
campo de control 13821
003 - IDENTIFICADOR DE NÚMERO DE CONTROL
campo de control ES-MaACL
005 - FECHA Y HORA DE LA ÚLTIMA TRANSACCIÓN
campo de control 20250811081608.0
007 - CAMPO FIJO DE DESCRIPCIÓN FÍSICA--INFORMACIÓN GENERAL
campo de control de longitud fija t|
008 - DATOS DE LONGITUD FIJA--INFORMACIÓN GENERAL
campo de control de longitud fija 980708s1998 sp ||||1| spa d
020 ## - NÚMERO INTERNACIONAL ESTÁNDAR DEL LIBRO
Número Internacional Estándar del Libro 84-922335-3-2
080 ## - NÚMERO DE LA CLASIFICACIÓN DECIMAL UNIVERSAL
Número de la Clasificación Decimal Universal 17:32
080 ## - NÚMERO DE LA CLASIFICACIÓN DECIMAL UNIVERSAL
Número de la Clasificación Decimal Universal 32:17
245 03 - MENCIÓN DEL TÍTULO
Título La política desde la ética /
Mención de responsabilidad, etc. Enrique Bonete Perales (coord.) ; Ana María Andaluz Romanillos.
250 ## - MENCION DE EDICION
Mención de edición 1ª ed.
260 ## - PUBLICACIÓN, DISTRIBUCIÓN, ETC.
Lugar de publicación, distribución, etc. Barcelona :
Nombre del editor, distribuidor, etc. Proyecto A,
Fecha de publicación, distribución, etc. 1998.
300 ## - DESCRIPCIÓN FÍSICA
Extensión 2 v. ;
Dimensiones 24 cm.
490 1# - MENCIÓN DE SERIE
Mención de serie Cuadernos A. Biblioteca Universitaria ;
Designación de volumen o secuencia 6.
Mención de serie Temas de filosofía política
650 #7 - PUNTO DE ACCESO ADICIONAL DE MATERIA--TÉRMINO DE MATERIA
Término de materia o nombre geográfico como elemento de entrada Ética política
Fuente del encabezamiento o término embne
9 (RLIN) 136540
700 1# - ENTRADA AGREGADA--NOMBRE PERSONAL
Nombre de persona Bonete Perales, Enrique.
9 (RLIN) 30142
700 1# - ENTRADA AGREGADA--NOMBRE PERSONAL
Nombre de persona Andaluz Romanillos, Ana María.
9 (RLIN) 21422
830 00 - PUNTO DE ACCESO ADICIONAL DE SERIE-TÍTULO UNIFORME
Título uniforme Cuadernos A.
Nombre de parte o sección de la obra Biblioteca universitaria
Designación de volumen o secuencia 6.
9 (RLIN) 228354
852 ## - LOCALIZACIÓN
Ubicación ES-MaACL
Número de control de estantería L-21292-3
Sublocalización o colección R.126556
Holdings
Estatus retirado Estado de pérdida Estado de daño No para préstamo Biblioteca de origen Biblioteca actual Ubicación en estantería Fecha de adquisición Fuente de adquisición Total de préstamos Signatura topográfica completa Código de barras Visto por última vez Precio de reemplazo Tipo de ítem Koha
        Biblioteca del Ateneo de Madrid Biblioteca del Ateneo de Madrid Depósito 2 17/01/2008     L-21292-3 1014065 23/02/2023 23/02/2023 Libro impreso